La Estructura del discurso pedagógico: clases, códigos y control /

Guardado en:
Detalles Bibliográficos
Autor principal: Bernstein, Basil (autor)
Formato: Libro
Idioma:Español
Publicado: Madrid, España : Morata : Fundación Paideia, 1993
Colección:(Pedagogía. Educación Crítica)
Temas:
Etiquetas: Agrega una etiqueta
Sin etiquetas, Sé el primero en etiquetar este registro!

MARC

LEADER 00000nam^a2200000^a^4500
001 000042071
005 20250521000000.0
009 20260310085720.336
020 |a 84-7112-368-1 
037 |a Acervo ITESO - Biblioteca 
041 |a ESP 
082 |a 370. 19  |b BER 
100 |a Bernstein, Basil  |e (autor) 
245 1 3 |a La Estructura del discurso pedagógico: clases, códigos y control /  |c B. Bernstein; tr. por Pablo Manzano. 
264 1 |a Madrid, España :  |b Morata :  |b Fundación Paideia,  |c 1993 
300 |a 236 p. 
336 |a texto  |b txt  |2 rdacontenido 
337 |a sin mediación  |b n  |2 rdamedio 
338 |a volumen  |b nc  |2 rdasoporte 
440 1 |a (Pedagogía.  |p Educación Crítica) 
500 |a Traducción de: The structuring of pedagogic discourse 
649 |a XX 
650 |a Sociología de la Educación 
650 |a Sociología de la Educación 
650 |a Discurso Educativo 
650 |a Socialización 
650 |a Reproducción Social 
910 |a Fondo General 
920 |a Impresos - Libros 
930 |a Colección General 
905 |a 101 
901 |a 0420710100  |b IT1  |c ACC  |i 042071  |u 20250521 
901 |a 0420710200  |b IT1  |c ACC  |i 911123  |u 20250521 
902 |a https://opac.biblio.iteso.mx/vufind/Record/000042071